Central Library OPAC University of Rajshahi

The blue boat. / (Record no. 18317)

MARC details
000 -LEADER
fixed length control field 00763nam a22002532a 4500
001 - CONTROL NUMBER
control field 18317
003 - CONTROL NUMBER IDENTIFIER
rucl marc code BD-RjUL
005 - DATE AND TIME OF LATEST TRANSACTION
control field 20211209000252.0
008 - FIXED-LENGTH DATA ELEMENTS--GENERAL INFORMATION
fixed length control field 140220r19611957enka j 000 1 eng d
035 ## - SYSTEM CONTROL NUMBER
System control number (BD-RjUL)18375
-- OCLC ocm07569641 from D960523M
040 ## - CATALOGING SOURCE
Original cataloging agency DLC
Transcribing agency SER
Modifying agency UKM
-- EQO
-- BD-RjUL
Language of cataloging eng
041 ## - LANGUAGE CODE
Language code of text/sound track or separate title eng
082 00 - DEWEY DECIMAL CLASSIFICATION NUMBER
Classification number 823.91
Edition number 18
Author mark and year MAB 1961
100 1# - MAIN ENTRY--PERSONAL NAME
Personal name Mayne, William,
Dates associated with a name 1928-2010
9 (RLIN) 56383
245 14 - TITLE STATEMENT
Title The blue boat. /
Statement of responsibility, etc. william Mayne, Illustrated by Geraldine Spence.
250 ## - EDITION STATEMENT
Edition statement 1st ed.
260 ## - PUBLICATION, DISTRIBUTION, ETC. (IMPRINT)
Place of publication, distribution, etc. Oxford University Press :
Name of publisher, distributor, etc. London,
Date of publication, distribution, etc. 1957 [reprinted 1961].
300 ## - PHYSICAL DESCRIPTION
Pagination 173 p. :
Illustrations illus.
Size 23 cm.
650 #0 - SUBJECT ADDED ENTRY--TOPICAL TERM
Topical term or geographic name as entry element Fantasy.
9 (RLIN) 56384
Topical term or geographic name as entry element Fantasies.
9 (RLIN) 56385
942 ## - ADDED ENTRY ELEMENTS (KOHA)
Source of classification or shelving scheme Dewey Decimal Classification
Koha item type Books
Holdings
Lost status Source of classification or shelving scheme Damaged status Not for loan Collection code Permanent Location Current Location Shelving location Date acquired Source of acquisition Cost, normal purchase price Total Checkouts Full call number Date last seen Copy number Koha item type
  Dewey Decimal Classification   Not For Loan Fiction Central Library, University of Rajshahi Central Library, University of Rajshahi Reading Room 25/07/1970 Swets + Zetlinger 12.60   823.91 MAB 1961 20/02/2014 C-1 Books